000 00775cam a2200277 a 4500
001 43
003 BR-CuiBMT
005 20231108001046.0
008 230807s2022 mgb 000 0 por d
020 _a9786555184273
040 _aBR-CuiBMT
_cBR-CuiBMT
080 _a347.218.2
_22007
090 _a347.218.2
_bN163b
100 1 _aNakamura, André Luiz dos Santos
245 1 0 _aBens públicos /
_cAndré Luiz dos Santos Nakamura.
260 _aBelo Horizonte :
_bFórum,
_c2022.
300 _a243 p. ;
_c22 cm
504 _aInclui bibliografia.
650 _aBens públicos
650 _aAdministração pública
650 _aDireito civil
650 _aDireito administrativo
650 _aDireito constitucional
650 _aDireito urbanístico
942 _2udc
_cLV
999 _c43
_d43